000 00466nam a2200181Ia 4500
008 240925s9999 xx 000 0 und d
020 _a718823060
082 _a796.44 ARL
100 _aArlott, John
245 0 _aJohn Arlott's Book of Cricketers
250 _aNA
260 _aLondon:
_bLutter Worth Press
_c,1979.
300 _a359p.
_bN.A
_fOriginal
500 _aNA
600 _aHumanities & Natural Science
650 _aArts and Recreation
942 _cBK
999 _c12004
_d12004